000 007010000a22001210004500
773 0 _tReforma Siglo 21
100 1 _aVeith, Gene Edward
245 1 0 _aNuestra vocación y la gloria de Dios
300 _aVol.10, no.2 (Oct., 2008),p.20-33
520 _aSi se encuentra en un trabajo por medio del cual lleva a cabo algo bueno para Dios, los santos, o para usted mismo, pero no para su prójimo, entonces debes saber que esa obra no es una buena obra. Pues cada uno debe vivir, hablar, actuar, escuchar, sufrir y morir en amor y servicio para otros, incluso por los enemigos de uno. Cuando servimos a nuestro prójimo, en verdad le servimos a Dios.
650 1 4 _aSERVICIO SOCIAL RELIGIOSO
942 _cANA
999 _c62975
_d62975